Contracts (Rights of Third Parties) Act 1999 : a milestone in English law (Record no. 101604)

MARC details
000 -LEADER
fixed length control field 00979cam a2200265 4500
008 - FIXED-LENGTH DATA ELEMENTS--GENERAL INFORMATION
fixed length control field 010823n2001 000 0 eng u
020 ## - INTERNATIONAL STANDARD BOOK NUMBER
International Standard Book Number 189838360X
035 ## - SYSTEM CONTROL NUMBER
System control number (Sirsi) u114298
100 ## - MAIN ENTRY--PERSONAL NAME
Personal name Wineman, V.
245 ## - TITLE STATEMENT
Title Contracts (Rights of Third Parties) Act 1999 : a milestone in English law
260 ## - PUBLICATION, DISTRIBUTION, ETC.
Place of publication, distribution, etc. London
Name of publisher, distributor, etc. Estates Gazette
-- Lark Productions
Date of publication, distribution, etc. 2001
300 ## - PHYSICAL DESCRIPTION
Extent 103p.
Dimensions 21cm.
350 ## - PRICE (NR) (BK AM CF MU VM SE) [OBSOLETE]
Price 15.00
490 ## - SERIES STATEMENT
Series statement Estates Gazette Need to Know Series
Volume/sequential designation 9
520 ## - SUMMARY, ETC.
Summary, etc. The ninth title in the "Estates Gazette" 'Need to know series' aims to describe the origins of the doctrine of privity and the impact of the Contracts (Rights of Third Parties) Act 1999 which came into force on 11 November 1999.
650 ## - SUBJECT ADDED ENTRY--TOPICAL TERM
Topical term or geographic name entry element CONTRACT LAW
650 ## - SUBJECT ADDED ENTRY--TOPICAL TERM
Topical term or geographic name entry element Contracts
9 (RLIN) 6232
650 ## - SUBJECT ADDED ENTRY--TOPICAL TERM
Topical term or geographic name entry element CONTRACTS (RIGHTS OF THIRD PARTIES) ACT 1999
650 ## - SUBJECT ADDED ENTRY--TOPICAL TERM
Topical term or geographic name entry element PRIVITY
650 ## - SUBJECT ADDED ENTRY--TOPICAL TERM
Topical term or geographic name entry element PRIVITY OF CONTRACT
650 ## - SUBJECT ADDED ENTRY--TOPICAL TERM
Topical term or geographic name entry element THIRD PARTIES
690 ## - LOCAL SUBJECT ADDED ENTRY--TOPICAL TERM (OCLC, RLIN)
Topical term or geographic name as entry element LAW
700 ## - ADDED ENTRY--PERSONAL NAME
Personal name Vegoda, V.
942 ## - ADDED ENTRY ELEMENTS (KOHA)
Suppress in OPAC 0
Holdings
Withdrawn status Lost status Source of classification or shelving scheme Damaged status Not for loan Home library Current library Shelving location Date acquired Cost, normal purchase price Total Checkouts Full call number Barcode Date last seen Date last checked out Copy number Cost, replacement price Price effective from Koha item type
    Dewey Decimal Classification     London London Books 09/07/2004 15.00 2 346.41032 WIN 30069361 06/08/2019 12/04/2005 2 15.00 06/08/2019 Book